An introduction to the Old Testament. (Record no. 645)
[ view plain ]
| 000 -LEADER | |
|---|---|
| fixed length control field | 01058cam a2200337I 4500 |
| 001 - CONTROL NUMBER | |
| control field | 453576 |
| 003 - CONTROL NUMBER IDENTIFIER | |
| control field | GBCCL |
| 005 - DATE AND TIME OF LATEST TRANSACTION | |
| control field | 20241126110342.0 |
| 008 - FIXED-LENGTH DATA ELEMENTS--GENERAL INFORMATION | |
| fixed length control field | 740401s1958 miu b 000 0 eng d |
| 029 1# - | |
| -- | NLGGC |
| -- | 201258455 |
| 035 ## - SYSTEM CONTROL NUMBER | |
| System control number | (OCoLC)ocm00846202 |
| 035 ## - SYSTEM CONTROL NUMBER | |
| System control number | (OCoLC)846202 |
| 040 ## - CATALOGING SOURCE | |
| Original cataloging agency | RGC |
| Language of cataloging | eng |
| Transcribing agency | RGC |
| Modifying agency | OCL |
| -- | OCLCG |
| -- | OCLCQ |
| -- | OCLCF |
| -- | OCLCO |
| -- | LBB |
| 049 ## - | |
| -- | LBBA |
| 050 #4 - | |
| -- | BS1140 |
| -- | .Y6 1958 |
| 082 ## - DEWEY DECIMAL CLASSIFICATION NUMBER | |
| Classification number | 221.61 |
| Item number | YOU |
| 090 ## - LOCALLY ASSIGNED LC-TYPE CALL NUMBER (OCLC); LOCAL CALL NUMBER (RLIN) | |
| Classification number (OCLC) (R) ; Classification number, CALL (RLIN) (NR) | BS1140 |
| Local cutter number (OCLC) ; Book number/undivided call number, CALL (RLIN) | .Y6 1958 |
| 092 ## - LOCALLY ASSIGNED DEWEY CALL NUMBER (OCLC) | |
| Classification number | 221.6 |
| Item number | Y71 |
| 100 1# - MAIN ENTRY--PERSONAL NAME | |
| Personal name | Young, Edward J. |
| Fuller form of name | (Edward Joseph), |
| Dates associated with a name | 1907-1968. |
| 245 13 - TITLE STATEMENT | |
| Title | An introduction to the Old Testament. |
| 260 ## - PUBLICATION, DISTRIBUTION, ETC. | |
| Place of publication, distribution, etc. | Grand Rapids, Mich., |
| Name of publisher, distributor, etc. | Eerdmans |
| Date of publication, distribution, etc. | [ 1958] |
| 300 ## - PHYSICAL DESCRIPTION | |
| Extent | 456 pages |
| Dimensions | 22 cm |
| 336 ## - CONTENT TYPE | |
| Content type term | text |
| Content type code | txt |
| Source | rdacontent |
| 337 ## - MEDIA TYPE | |
| Media type term | unmediated |
| Media type code | n |
| Source | rdamedia |
| 338 ## - CARRIER TYPE | |
| Carrier type term | volume |
| Carrier type code | nc |
| Source | rdacarrier |
| 504 ## - BIBLIOGRAPHY, ETC. NOTE | |
| Bibliography, etc. note | Includes bibliographical references. |
| 630 00 - SUBJECT ADDED ENTRY--UNIFORM TITLE | |
| Uniform title | Bible. |
| Name of part/section of a work | Old Testament |
| Form subdivision | Introductions. |
| 630 07 - SUBJECT ADDED ENTRY--UNIFORM TITLE | |
| Uniform title | Bible. |
| Name of part/section of a work | Old Testament. |
| Source of heading or term | fast |
| Authority record control number or standard number | (OCoLC)fst01808092 |
| 655 #7 - INDEX TERM--GENRE/FORM | |
| Genre/form data or focus term | Introductions. |
| Source of term | fast |
| Authority record control number or standard number | (OCoLC)fst01423833 |
| 942 ## - ADDED ENTRY ELEMENTS (KOHA) | |
| Source of classification or shelving scheme | Dewey Decimal Classification |
| Koha item type | Books |
| Koha issues (borrowed), all copies | 15 |
| Withdrawn status | Lost status | Source of classification or shelving scheme | Damaged status | Not for loan | Home library | Current Library | Shelving location | Date acquired | Total checkouts | Total renewals | Full call number | Barcode | Date last seen | Date last checked out | Copy number | Price effective from | Koha item type |
|---|---|---|---|---|---|---|---|---|---|---|---|---|---|---|---|---|---|
| Dewey Decimal Classification | GRACE BIBLE COLLEGE | GRACE BIBLE COLLEGE | Biblical Studies | 2016-11-30 | 15 | 2 | 221.61 YOU | 000369 | 2025-05-01 | 2023-09-18 | c.1 | 2016-11-30 | Books |